000 00660nam a2200217 i 4500
001 180710
003 ES-MaACL
005 20250618142641.0
008 120627q1958 sp |||| |dspa d
080 _a75 Tintoretto
100 1 _aLlombart, Manuel.
_9150795
245 1 0 _aTintoretto /
_cManuel Llombart ; portada de Coll.
260 _aBarcelona :
_bEdiciones G.P.,
_c[ca. 1958]
300 _a64 p. ;
_c11 cm.
490 1 _aEnciclopedia pulga ;
_v353
600 1 7 _aTintoretto,
_d1518-1594
_2
_9139963
700 1 _aColl, Alejandro.
_939607
830 1 _aEnciclopedia pulga ;
_v353
_9191296
852 4 _aES-MaACL
_j2311-F-20
999 _c180710
_d180710